El legado alternativo

Bibliographic Details
Main Author: Cuadrado Perez, Carlos
Format: Unknown
Language:Spanish
Published: Madrid : Dykinson, 2003
Subjects:
Online Access:Acceso restringido

MARC

LEADER 00000ny a22000003n 4500
005 20110621113226.0
006 m u
007 cr cn|||||||||
008 200507r2003 sp |||||s|||||||||||spa d
020 |a 9788497720410 
035 |a 266 
040 |a FlNmELB  |c FlNmELB  |d vlex 
050 1 4 |a K3240.4  |b C961 2003eb 
080 |a 347 
090 |c 1307  |d 1307 
100 1 |a Cuadrado Perez, Carlos 
245 1 3 |a El legado alternativo  |h [Recurso electrn̤ico]  |c Carlos Cuadrado Perez 
256 |a Servicio en ln̕ea 
260 |a Madrid :  |b Dykinson,  |c 2003 
300 |a [9]-131 p 
506 1 |a Contenido solo disponible en los productos indicados  |d vLex Global  |d vLex Global (Academic Edition, excluding Law Schools)  |d vLex Global (U.S. Academic Edition, Law Schools)  |d vLex Global (U.S. Academic Edition, excluding Law Schools)  |d vLex Global (Academic Edition, Law Schools) 
650 0 7 |a Derecho civil  |2 Tesauro vLex 
650 0 7 |a Derechos humanos  |2 Tesauro vLex 
650 0 7 |a Sucesorio  |2 Tesauro vLex 
650 0 7 |a Derecho sucesorio  |2 Tesauro vLex 
650 0 7 |a Legados  |2 Tesauro vLex 
650 0 7 |a Legado alternativo  |2 Tesauro vLex 
740 0 |a vLex Libros (Servicios en ln̕ea) 
856 4 0 |u http://vlex.com/source/266  |z Acceso restringido 
942 |c BOOK